Optimal control applied to biological models / (Record no. 29702)

000 -LEADER
fixed length control field 00870 a2200205 4500
020 ## - INTERNATIONAL STANDARD BOOK NUMBER
International Standard Book Number 1584886404
020 ## - INTERNATIONAL STANDARD BOOK NUMBER
International Standard Book Number 9781584886402
082 ## - DEWEY DECIMAL CLASSIFICATION NUMBER
Classification number 570.151
090 ## - LOCALLY ASSIGNED LC-TYPE CALL NUMBER (OCLC); LOCAL CALL NUMBER (RLIN)
-- 1085
-- 1085
100 1# - MAIN ENTRY--PERSONAL NAME
Personal name Lenhart, Suzanne.
245 10 - TITLE STATEMENT
Title Optimal control applied to biological models /
Statement of responsibility, etc. Suzanne Lenhart, John T. Workman.
260 ## - PUBLICATION, DISTRIBUTION, ETC.
Place of publication, distribution, etc. [S.l.] :
Name of publisher, distributor, etc. Chapman and Hall/CRC,
Date of publication, distribution, etc. 2007.
300 ## - PHYSICAL DESCRIPTION
Extent 280 p. ;
Dimensions 24 cm.
490 1# - SERIES STATEMENT
Series statement Chapman & hall/crc mathematical & computational biology.
700 1# - ADDED ENTRY--PERSONAL NAME
Personal name Workman, John T.
830 #0 - SERIES ADDED ENTRY--UNIFORM TITLE
Uniform title Chapman & hall/crc mathematical & computational biology.
942 ## - ADDED ENTRY ELEMENTS (KOHA)
Institution code [OBSOLETE] SNS
Koha item type Book
Call number prefix 570.151 LEN
Holdings
Withdrawn status Lost status Damaged status Not for loan Permanent Location Current Location Date acquired Total Checkouts Full call number Barcode Date last seen Date last checked out Price effective from Koha item type
        School of Natural Sciences (SNS) School of Natural Sciences (SNS) 05/26/2016 1 570.151 LEN SNS0001520 06/25/2025 06/12/2025 05/26/2016 Book
        School of Natural Sciences (SNS) School of Natural Sciences (SNS) 05/26/2016   570.151 LEN SNS0001521 05/26/2016   05/26/2016 Book
© 2023 Central Library, National University of Sciences and Technology. All Rights Reserved.